Democracy in Zambia (Record no. 63426)

MARC details
000 -LEADER
fixed length control field 00624nam a2200145 a 4500
008 - FIXED-LENGTH DATA ELEMENTS--GENERAL INFORMATION
fixed length control field 120416s1993 ||||||||||||||||| || u
050 ## - LIBRARY OF CONGRESS CALL NUMBER
Classification number DT 8779 Dem
100 ## - MAIN ENTRY--PERSONAL NAME
Personal name Chanda, Donald
245 10 - TITLE STATEMENT
Title Democracy in Zambia
Statement of responsibility, etc. edited by Donald Chanda
260 ## - PUBLICATION, DISTRIBUTION, ETC.
Place of publication, distribution, etc. Lusaka
Name of publisher, distributor, etc. Africa Press Trust
Date of publication, distribution, etc. 1993
300 ## - PHYSICAL DESCRIPTION
Extent xi, 128p. : ill.
350 ## -
-- 0.00
995 ## -
-- SPECIAL COLLECTIONS
-- 0.00
-- 725843
-- CBU-MAIN LIBRARY (Kitwe)
-- 2
-- 1500.00
-- ZAM DT 8779 Dem
-- AVAILABLE
-- 018646
-- Zambiana Collection
995 ## -
-- SPECIAL COLLECTIONS
-- 0.00
-- 725844
-- CBU-MAIN LIBRARY (Kitwe)
-- 1
-- 1500.00
-- ZAM DT 8779 Dem
-- 2
-- AVAILABLE
-- 018645
-- Zambiana Collection
999 ## -
-- 63426
-- 63426
Holdings
Withdrawn status Lost status Source of classification or shelving scheme Damaged status Not for loan Permanent Location Current Location Shelving location Date acquired Total Checkouts Full call number Barcode Date last seen Price effective from Koha item type
          CBU-MAIN LIBRARY, KITWE. CBU-MAIN LIBRARY, KITWE.   12/24/2022   DT 8779 Dem 018646 12/24/2022 12/24/2022 MONOGRAPH
          CBU-MAIN LIBRARY, KITWE. CBU-MAIN LIBRARY, KITWE.   12/24/2022   DT 8779 Dem 018645 12/24/2022 12/24/2022 MONOGRAPH